| 000 -ლიდერი |
| ფიქსირებული სიგრძის საკონტროლო ველი |
00920nam a22001697a 4500 |
| 003 - საკონტროლო ნომრის იდენტიფიკატორი |
| საკონტროლო ველი |
Ge_BSU |
| 005 - ბოლო ოპერაციის თარიღი და დრო |
| საკონტროლო ველი |
20251031151359.0 |
| 008 - ფიქსირებული სიგრძის მონაცემთა ელემენტები - ზოგადი ინფორმაცია |
| ფიქსირებული სიგრძის საკონტროლო ველი |
251031s1985 ge ||||| |||| 00| 0 geo d |
| 041 ## - ენის კოდი |
| Language code of text/sound track or separate title |
geo |
| 080 ## - უნივერსალური ათობითი კლასიფიკაციის ინდექსი |
| Universal Decimal Classification number |
331.102.346 ხ-26 |
| 100 ## - მთავარი ჩანაწერი - პიროვნების სახელი |
| Personal name |
ხარბედია, რ. |
| 9 (RLIN) |
26131 |
| 245 ## - ცნობა სათაურის შესახებ |
| Title |
გონებრივ და ფიზიკურ შრომას შორის არსებითი განსხვავების დაძლევა / |
| Statement of responsibility, etc |
რ. ხარბედია; რედ. რ. გოგოხია; ეკონომიკისა და სამართლის ინ-ტი. |
| 300 ## - ფიზიკური აღწერა |
| Extent |
95 გვ. ; |
| Other physical details |
20 სმ. |
| 520 ## - SUMMARY, ETC. |
| Summary, etc |
რეზ. რუს. |
| 653 ## - INDEX TERM--UNCONTROLLED |
| Uncontrolled term |
გონებრივ და ფიზიკურ შრომას შორის არსებითი განსხვავებათა დაძლევა. |
| 942 ## - ADDED ENTRY ELEMENTS (KOHA) |
| Source of classification or shelving scheme |
|
| Koha item type |
წიგნი |